|
|
|
|
| LEADER |
01740nam a22003492a 4500 |
| 001 |
001247197 |
| 003 |
CZ BrMZK |
| 005 |
20120907191253.0 |
| 007 |
ta |
| 008 |
120907s1974 xr er|||||||||||cze d |
| 015 |
|
|
|a cnb000462989
|
| 035 |
|
|
|a (OCoLC)6041165
|
| 040 |
|
|
|a ABA001
|b cze
|d BOA001
|
| 080 |
|
|
|a 634.0.002.5(058)
|
| 100 |
1 |
|
|a Sadílek, Karel
|7 jk01110255
|4 aut
|
| 245 |
1 |
0 |
|a Katalog lesnických mechanizačních prostředků /
|c Karel Sadílek ; předml.: Karel Urban ; pérovky a fot.: Stanislav Švorc
|
| 250 |
|
|
|a 1. vyd.
|
| 260 |
|
|
|a Praha :
|b Státní zemědělské nakladatelství,
|c 1974
|
| 300 |
|
|
|a 297 s. :
|b tb. ;
|c 8°
|
| 490 |
1 |
|
|a Lesnická knihovna. Knihovna lesního hospodáře. Učebnice ;
|v sv. 99
|
| 490 |
1 |
|
|a Lesnictví, myslivost a vodní hospodářství
|
| 500 |
|
|
|a Vazba: Vlastimil Choc
|
| 500 |
|
|
|a 3000 výt.
|
| 520 |
|
|
|a Katalog poskytuje pracovníkům lesního provozu i studentům středních lesnických škol přehled o strojích a zařízeních používaných v současné době v jednotlivých odvětvích lesního hospodářství - při pracích ve školkách, obnově a pěstování porostů, při těžbě, soustřeďování a odvozu dříví. U každého ze 120 uvedených prostředků je připojen technický popis, určení, způsob využití a výrobce.
|
| 700 |
1 |
|
|a Švorc, Stanislav
|4 pht
|4 ill
|
| 700 |
1 |
|
|a Urban, Karel,
|d 1919-
|7 jk01140813
|4 wfw
|
| 830 |
|
0 |
|a Lesnická knihovna.
|p Knihovna lesního hospodáře.
|p Učebnice
|0 s
|
| 830 |
|
0 |
|a Lesnictví, myslivost a vodní hospodářství
|0 s
|
| 910 |
|
|
|a BOA001
|b 2-0723.222
|
| 990 |
|
|
|a BK
|
| 991 |
|
|
|b 201209
|
| 996 |
7 |
|
|b 2619446938
|c 2-0723.222
|l Sklad H1
|r Sklad / do 24 hodin
|n 1
|h HS212
|w 001281170
|u 000010
|a 1
|e BOA001
|j MZK50
|s A
|